| 000 | 00679nam a2200205 i 4500 | ||
|---|---|---|---|
| 001 | 120285 | ||
| 003 | ES-MaACL | ||
| 005 | 20240229155543.0 | ||
| 007 | t| | ||
| 008 | 070214s1974 ag r ||||1| spa d | ||
| 245 | 0 | 0 |
_aPoesía alemana del siglo XX / _cselección, traducción, prólogo y notas de Rodolfo E. Modern. |
| 260 |
_aBuenos Aires : _bLibrerías Fausto, _c1974. |
||
| 300 |
_a387 p. ; _c20 cm. |
||
| 490 | 1 |
_aBiblioteca de poesía universal ; _v3 |
|
| 650 | 4 |
_aPoesías alemanas _916202 |
|
| 700 | 1 |
_aModern, Rodolfo E. _9148525 |
|
| 830 | 0 |
_aBiblioteca de poesía universal ; _v3 _9218660 |
|
| 852 |
_aES-MaACL _jL-6824 _bR.107617 |
||
| 999 |
_c120285 _d120285 |
||